000 00820nam a2200253 c 4500
001 a5650647
003 CO-ViMGA
005 20230915224039.0
008 150528s2015 sp a | |||| 000 1 spa
020 _a9788490940884
040 _aCO-ViMGA
_bspa
_cCO-ViMGA
041 1 _heng
082 _a741.5
_bB26g
100 1 _aBendis, Brian Michael
_d1967-
_4aut
_98883
245 1 4 _aLas guerras asgardianas /
_cBrian M. Bendis, Alan Davis ; [traducción, Gonzalo Quesada]
260 _aTorroella de Montgrí, Girona
_bPanini Comics
_ccop. 2015.
300 _a[144] p.
_bprincipalmente il. col.
_c26 cm.
490 0 _aLos Vengadores
_v0
490 0 _aMarvel deluxe
650 1 4 _aComics
_9284
650 1 4 _aTiras comicas, historietas, etc.
_92479
700 1 _aDavis, Alan
_d1956-
_edibujante
_4art
_98906
942 _2ddc
_cBK
999 _c11158
_d11158